| 000 -LEADER |
| fixed length control field |
01093pab a2200181 454500 |
| 008 - FIXED-LENGTH DATA ELEMENTS--GENERAL INFORMATION |
| fixed length control field |
180718b1999 xxu||||| |||| 00| 0 eng d |
| 100 ## - MAIN ENTRY--PERSONAL NAME |
| Personal name |
Sauerzopf, Richard |
| 245 ## - TITLE STATEMENT |
| Title |
The urban electorate in Presidential elections, 1920-1996 |
| 260 ## - PUBLICATION, DISTRIBUTION, ETC. |
| Date of publication, distribution, etc. |
1999 |
| 300 ## - PHYSICAL DESCRIPTION |
| Extent |
p.72-91 |
| 362 ## - DATES OF PUBLICATION AND/OR SEQUENTIAL DESIGNATION |
| Dates of publication and/or sequential designation |
Sep |
| 520 ## - SUMMARY, ETC. |
| Summary, etc. |
This study of voting in presidential elections in 12 central cities from 1920 to 1996 shows that cities played a crucial role in the New Deal realignment that dominated presidential elections from 1932 to the 1960s. Since then, cities have declined as a share of the total electorate, but they still provide crucial votes for successful Democratic presidential candidates. As cities have increasingly deviated from national voting trends, however, their turnout rates have increasingly fallen behind the national rates. A call is issued for researchers to break down the suburban vote and to examine contextual effects on voting behavior. - Reproduced |
| 650 ## - SUBJECT ADDED ENTRY--TOPICAL TERM |
| Topical term or geographic name entry element |
Presidents |
| 650 ## - SUBJECT ADDED ENTRY--TOPICAL TERM |
| Topical term or geographic name entry element |
Elections |
| 700 ## - ADDED ENTRY--PERSONAL NAME |
| Personal name |
Swanstrom, Todd |
| 773 ## - HOST ITEM ENTRY |
| Main entry heading |
Urban Affairs Review |
| 909 ## - |
| -- |
42840 |